|
|
|
|
| LEADER |
01180nab#a2200325#ar4500 |
| 001 |
000079934 |
| 003 |
SVKKK |
| 005 |
20050804xxxxxxx. |
| 008 |
06 c xo huno |
| FMT |
|
|
|
| 038 |
|
|
|a SVKKK
|
| 040 |
|
|
|a SVKKK
|b slo
|e AACR2
|
| 041 |
0 |
|
|a hun
|
| 044 |
|
|
|a xo
|c SK
|
| 080 |
|
|
|a 284.94(Abov):264
|
| 100 |
0 |
|
|a Sz. P.
|4 aut
|
| 242 |
1 |
0 |
|a Maďarčina v maďarskej cirkvi
|
| 245 |
1 |
0 |
|a Magyar szó a magyar egyházban :
|b Az első magyar istentisztelet a kassai görögkatholikusoknál
|c Sz. P.
|
| 500 |
|
|
|a Ex/M 74
|
| 520 |
2 |
|
|a Referát o prvých bohoslužbách v jazyku maďarskom v gréckokatolíckom kostole v Košiciach v auguste roku 1909. Pobožnosť viedol kňaz Mikuláš (Miklós) Csoma a vierovyznanie prečítal tabulárny sudca Ján (János) Roskovics.
|
| 650 |
0 |
4 |
|a bohoslužby (jazyk maďarský) - cirkev gréckokatolícka, Košice - Csoma, Mikuláš (kňaz gréckokatolícky - august 1909 - referáty
|
| 773 |
0 |
|
|t Felsőmagyarország : Kassai Napló
|g Roč. 25, č. 192 (22.08.1909) s. 2
|
| 957 |
|
|
|a Košice
|
| 958 |
|
|
|a CI
|
| 958 |
|
|
|a DG
|
| 958 |
|
|
|a SK
|
| 974 |
|
|
|a Ba
|d 20050804
|
| 992 |
|
|
|a RBX
|
| BAS |
|
|
|
| 998 |
|
|
|a RETRO
|